000 00970nam a2200337 a 4500
003 AR-BaBNM
005 20251128210609.0
008 082120s2002 ||||||||||||||000 | spa||
040 _cAR-BaBNM
245 0 0 _aMauricio Goldenberg
260 _aBuenos Aires
_bFacultad de Psicología
_c1996
300 _a254 p.
_bláms.
490 0 _aTestimonios para la experiencia de enseñar
650 4 _aHISTORIA ARGENTINA
650 4 _aHISTORIA DE LA EDUCACION
650 4 _aROL DEL DOCENTE
650 4 _aHISTORIA DE LAS CIENCIAS
650 4 _aBIOGRAFIAS
650 4 _aMEDICINA
650 4 _aBIOGRAFIAS EDUCACIONALES
650 4 _aDOCENTES
650 4 _aCIENTIFICOS
700 1 _aDiamant, Ana
_ecoordinador
700 1 _aCahn, Susana
_ecolaborador
700 1 _aMarominsky, Luisa
_ecolaborador
700 1 _aSalles, Nora
_ecolaborador
700 1 _aMiceli, Claudio
_ecolaborador
700 1 _aMoreau, Lucía
_ecolaborador
942 _cBK
998 _cMariana
999 _c16101
_d16101